00873nam a2200193 a 450000100100000000500170001000800410002704000250006808200150009311000740010824501160018226000630029830000280036170000370038904900090042695201130043595201140054899900170066200001570420200929164126.0100217s1999 dr a 000 0 spa d aDO-SdBNPbspacBNPHU axxxbC842e1 aRepública Dominicana.bSecretaría de Estado de Agricultura91776910aCostos estimados de producción de cultivos temporeros y permanentes 1998. /cpresentación Amilcar Romero P. aSanto Domingo :bDivisión Administración Rural,c1999. a139 p. :bil. ;c28 cm.1 aRomero P., Amilcarepres.935375 aBNPD 0010718PDaPDbPDcCTd2010-02-17iLF1l0oxxx C842ep15704-10r2020-06-25w2020-06-25yLFPDZNo se presta 00107-18PDaPDbPDcOId2010-02-17iLF1l0oxxx C842ep15705-10r2020-06-25w2020-06-25yLFPDZNo se presta c15256d15256